Psicología

Guardat en:
Dades bibliogràfiques
Autor principal: Mandolini Guardo, Ricardo G. (autor)
Format: Llibre
Idioma:espanyol
Publicat: Buenos Aires Ciordia 1970
Matèries:
Etiquetes: Afegir etiqueta
Sense etiquetes, Sigues el primer a etiquetar aquest registre!

MARC

LEADER 00000nam a2200000 a 4500
001 UCX9312
003 CL-VaPUC
008 940531e19700000AG |||||||||||||||||spa|d
082 0 4 |a 150  |b MAN  |2 21 
100 |a Mandolini Guardo, Ricardo G.  |e autor  |9 337097 
245 1 0 |a Psicología 
300 |a 286 p 
942 |c BK 
945 |d 19940531 00:00:00  |a rbrito 
260 |a Buenos Aires  |b Ciordia  |c 1970 
650 0 |a Psicología   |9 257863 
583 |a last modification  |c 19940531 00:00:00  |k Rodrigo Vera 
999 |c 228589  |d 228587 
952 |0 0  |1 0  |4 0  |6 150_000000000000000_MAN_1970  |7 0  |8 P  |9 228843  |a BIBEDU  |b BIBEDU  |c BIBEDU_PB  |d 2019-11-15  |i 2966425  |o 150 MAN 1970  |p 2966425  |r 2024-01-25  |w 2019-11-15  |y BK  |k EDU